| 000 | 00480 a2200157 4500 | ||
|---|---|---|---|
| 001 | ART_23604 | ||
| 005 | 20260410161827.0 | ||
| 008 | 260409a | ||
| 245 | 1 | 0 | _aPerfiles presupuestarios del sistema universitario argentino |
| 100 | 1 | _aMallo, Paulino E. | |
| 700 | 1 | _aArtola, María A. | |
| 700 | 1 | _aZanfrillo, Alicia I. | |
| 700 | 1 | _aMorettini, Mariano | |
| 700 | 1 | _aHammond, Fernando | |
| 773 | 0 |
_tFACES _g- Año 18, Nº 38/39 (ene./dic. 2012) _wREV5046 |
|
| 999 |
_c22859 _d22859 |
||